| 000 | 00575nam a2200193Ia 4500 | ||
|---|---|---|---|
| 999 |
_c33893 _d33893 |
||
| 003 | OSt | ||
| 005 | 20200909105708.0 | ||
| 008 | 190216s9999||||xx |||||||||||||| ||und|| | ||
| 020 | _a9788120323629 | ||
| 040 | _coclc | ||
| 082 |
_a621.3815 _bBEL/L |
||
| 100 |
_aBell, David A _94514 |
||
| 245 | 0 |
_aLaboratory Manual For Electronic Devices and Circuits / _cDavid A Bell |
|
| 250 | _a4th Ed. | ||
| 260 |
_bPrentice Hall of India, _c2004. _aNew Delhi: |
||
| 300 | _a246p | ||
| 650 | _aElectronics | ||
| 942 |
_cBK _2ddc _h621.3815 _iBEL/L _k621.3815 _mBEL/L |
||